|
|
|
|
| LEADER |
02272nam a22005895i 4500 |
| 001 |
978-1-137-46116-2 |
| 003 |
DE-He213 |
| 005 |
20160715194045.0 |
| 007 |
cr nn 008mamaa |
| 008 |
151222s2016 xxk| s |||| 0|eng d |
| 020 |
|
|
|a 9781137461162
|9 978-1-137-46116-2
|
| 024 |
7 |
|
|a 10.1007/978-1-137-46116-2
|2 doi
|
| 040 |
|
|
|d GrThAP
|
| 050 |
|
4 |
|a HM1001-1281
|
| 072 |
|
7 |
|a JMS
|2 bicssc
|
| 072 |
|
7 |
|a PSY023000
|2 bisacsh
|
| 072 |
|
7 |
|a PSY045030
|2 bisacsh
|
| 082 |
0 |
4 |
|a 155.2
|2 23
|
| 082 |
0 |
4 |
|a 302
|2 23
|
| 100 |
1 |
|
|a Kirkwood, Steve.
|e author.
|
| 245 |
1 |
4 |
|a The Language of Asylum
|h [electronic resource] :
|b Refugees and Discourse /
|c by Steve Kirkwood, Simon Goodman, Chris McVittie, Andy McKinlay.
|
| 264 |
|
1 |
|a London :
|b Palgrave Macmillan UK :
|b Imprint: Palgrave Macmillan,
|c 2016.
|
| 300 |
|
|
|a VI, 216 p.
|b online resource.
|
| 336 |
|
|
|a text
|b txt
|2 rdacontent
|
| 337 |
|
|
|a computer
|b c
|2 rdamedia
|
| 338 |
|
|
|a online resource
|b cr
|2 rdacarrier
|
| 347 |
|
|
|a text file
|b PDF
|2 rda
|
| 520 |
|
|
|a The early part of the 21st century has been marked by widespread social upheaval and geographical displacement of people. This book examines how refugees, asylum-seekers, locals and professional refugee workers make sense of asylum and refuge in the context of current UK asylum policies.
|
| 650 |
|
0 |
|a Psychology.
|
| 650 |
|
0 |
|a Sociolinguistics.
|
| 650 |
|
0 |
|a Social structure.
|
| 650 |
|
0 |
|a Social inequality.
|
| 650 |
|
0 |
|a Emigration and immigration.
|
| 650 |
|
0 |
|a Personality.
|
| 650 |
|
0 |
|a Social psychology.
|
| 650 |
|
0 |
|a Community psychology.
|
| 650 |
|
0 |
|a Environmental psychology.
|
| 650 |
1 |
4 |
|a Psychology.
|
| 650 |
2 |
4 |
|a Personality and Social Psychology.
|
| 650 |
2 |
4 |
|a Sociolinguistics.
|
| 650 |
2 |
4 |
|a Migration.
|
| 650 |
2 |
4 |
|a Community and Environmental Psychology.
|
| 650 |
2 |
4 |
|a Social Structure, Social Inequality.
|
| 700 |
1 |
|
|a Goodman, Simon.
|e author.
|
| 700 |
1 |
|
|a McVittie, Chris.
|e author.
|
| 700 |
1 |
|
|a McKinlay, Andy.
|e author.
|
| 710 |
2 |
|
|a SpringerLink (Online service)
|
| 773 |
0 |
|
|t Springer eBooks
|
| 776 |
0 |
8 |
|i Printed edition:
|z 9781349576135
|
| 856 |
4 |
0 |
|u http://dx.doi.org/10.1007/978-1-137-46116-2
|z Full Text via HEAL-Link
|
| 912 |
|
|
|a ZDB-2-BSP
|
| 950 |
|
|
|a Behavioral Science and Psychology (Springer-41168)
|